00625nam a2200181Ia 4500008004100000082001000041100004200051245003400093250000600127300000800133600004200141630003400183700004200217730003400259942000900293999001900302952012200321090124s9999 xx 000 0 und d b44909 aमाडगूळकर ग. दि. a भाताचे फूल a2 a146 aमाडगूळकर ग. दि. a भाताचे फूल aमाडगूळकर ग. दि. a भाताचे फूल cBOOK c111131d111131 00104070aTHNNWMbTHNNWMd0000-00-00g125.00l0o44909pTHNNWM-44909r2009-01-24 00:00:00v125.00w2009-01-24yBOOK